Giới thiệu về biển, đảo Việt Nam

Giới thiệu vị trí, vai trò của biển Đông. Đặc điểm vùng biển và hai quần đảo Hoàng Sa, Trường Sa. Cơ sở lịch sử, thực tiễn để khẳng định chủ quyền của Việt Nam đối với Hoàng Sa, Trường Sa. Biển, đảo Việt Nam từ góc nhìn lịch sử và v...

Volledige beschrijving

Bewaard in:
Bibliografische gegevens
Hoofdauteur: Hà, Nguyễn
Formaat: Boek
Taal:Undetermined
Gepubliceerd in: Hà Nội Thông tin và Truyền thông 2013
Onderwerpen:
Tags: Voeg label toe
Geen labels, Wees de eerste die dit record labelt!
Thư viện lưu trữ: Trung tâm Học liệu Trường Đại học Cần Thơ
LEADER 01004nam a2200217Ia 4500
001 CTU_204409
008 210402s9999 xx 000 0 und d
020 |c 30000 
082 |a 320.1509597 
082 |b Ng527 
100 |a Hà, Nguyễn 
245 0 |a Giới thiệu về biển, đảo Việt Nam 
245 0 |c Hà Nguyễn 
260 |a Hà Nội 
260 |b Thông tin và Truyền thông 
260 |c 2013 
520 |a Giới thiệu vị trí, vai trò của biển Đông. Đặc điểm vùng biển và hai quần đảo Hoàng Sa, Trường Sa. Cơ sở lịch sử, thực tiễn để khẳng định chủ quyền của Việt Nam đối với Hoàng Sa, Trường Sa. Biển, đảo Việt Nam từ góc nhìn lịch sử và văn hóa. 
650 |a Sovereignty,Chủ quyền 
650 |x History,Lịch sử 
904 |i Hải 
980 |a Trung tâm Học liệu Trường Đại học Cần Thơ